Jump shot detectives / (Record no. 1587)

MARC details
000 -LEADER
fixed length control field 01296cam a22003253a 4500
005 - DATE AND TIME OF LATEST TRANSACTION
control field 20231124152605.0
020 ## - INTERNATIONAL STANDARD BOOK NUMBER
International Standard Book Number 076714003996
040 ## - CATALOGING SOURCE
Original cataloging agency EOW
Transcribing agency EOW
Modifying agency IHI
-- SLC
-- OCL
-- DLC
Language of cataloging eng
050 00 - LIBRARY OF CONGRESS CALL NUMBER
Classification number PZ7.D644
082 ## - DEWEY DECIMAL CLASSIFICATION NUMBER
Classification number 303
100 1# - MAIN ENTRY--PERSONAL NAME
Personal name Dixon, Franklin W.
245 10 - TITLE STATEMENT
Title Jump shot detectives /
Statement of responsibility, etc. Franklin W. Dixon ; illustrated by Marcy Ramsey.
250 ## - EDITION STATEMENT
Edition statement First Minstrel Books printing January 1998
260 ## - PUBLICATION, DISTRIBUTION, ETC.
Place of publication, distribution, etc. New York :
Name of publisher, distributor, etc. Pocket Books,
Date of publication, distribution, etc. 1998
300 ## - PHYSICAL DESCRIPTION
Extent 73 pages :
Other physical details illustrations ;
Dimensions 20 cm
490 1# - SERIES STATEMENT
Series statement Frank and Joe Hardy, the clues brothers ;
Volume/sequential designation Book 4
500 ## - GENERAL NOTE
General note "A Minstrel book."
505 ## - FORMATTED CONTENTS NOTE
Formatted contents note K <br/>
520 ## - SUMMARY, ETC.
Summary, etc. The popular Hardy boys feature as the Clues Brothers in a series aimed at younger readers. In this episode, Frank tries out for the basketball team and Joe videotapes his brother in action. But the tape is stolen and the boys must act fast to keep Frank's dreams of sports success alive.
521 0# - TARGET AUDIENCE NOTE
Target audience note 510 <br/>
Source Lexile <br/>
521 1# - TARGET AUDIENCE NOTE
Target audience note K <br/>
Source Raz-Plus <br/>
650 #0 - SUBJECT ADDED ENTRY--TOPICAL TERM
Topical term or geographic name entry element Basketball stories
650 #0 - SUBJECT ADDED ENTRY--TOPICAL TERM
Topical term or geographic name entry element Detective and mystery stories.
655 #7 - INDEX TERM--GENRE/FORM
Genre/form data or focus term Children's stories.
Source of term lcsh
655 #7 - INDEX TERM--GENRE/FORM
Genre/form data or focus term Mystery fiction.
Source of term gsafd
700 1# - ADDED ENTRY--PERSONAL NAME
Personal name Ramsey, Marcy Dunn
Relator term illustrator
906 ## - LOCAL DATA ELEMENT F, LDF (RLIN)
a 7
b cbc
c copycat
d 2
e ncip
f 20
g y-genrareb
942 ## - ADDED ENTRY ELEMENTS (KOHA)
Source of classification or shelving scheme Dewey Decimal Classification
Koha item type Books
Suppress in OPAC No
999 ## -
-- 1587
-- 1587
Holdings
Withdrawn status Lost status Source of classification or shelving scheme Damaged status Not for loan Collection Home library Current library Shelving location Date acquired Total Checkouts Full call number Barcode Date last seen Date last checked out Price effective from Koha item type Public note
  Lost Library of Congress Classification     Juvenile Fiction Footprints International School Library Network Toul Kork Campus Footprints International School Library Network Toul Kork Campus   09/08/2023 2 DIX 303 PZ7.D644 FISBK00535 01/23/2024 01/23/2024 09/08/2023 Books Paid